000
00319nam a22001337a 4500
008
180208b xxu||||| |||| 00| 0 eng d
020
_a
0840327390
041
_a
eng
080
_a
159.9
100
_a
49
101
_a
PSI
245
_a
Crisis intervention a handbook for interveners
_c
Greenstone,J.L
942
_2
udc
_c
BK
999
_c
42126
_d
42126